Southville International School and Colleges
Your cart is empty.
  • Cart
  • Lists
    Public lists Eva Luna New books Lux_list list_1
    Your lists Log in to create your own lists
  • Log in to your account
  • Your cookies
  • Search history
Southville International School and Colleges
  • Advanced search
  • Recent comments
  • Most popular
  • Libraries

Log in to your account

Log in with GOOGLE


If you do not have an external account, but do have a local account, you can still log in:

  1. Home
  2. MARC view: Tricky puppies :
Normal view MARC view ISBD view

Tricky puppies : (Record no. 103667)

[ view plain ]
MARC details
000 -LEADER
fixed length control field 00663nam a2200193 a 4500
005 - DATE AND TIME OF LATEST TRANSACTION
control field 20140412111306.0
008 - FIXED-LENGTH DATA ELEMENTS--GENERAL INFORMATION
fixed length control field 010430s19uu xx 00 eng d
020 ## - INTERNATIONAL STANDARD BOOK NUMBER
International Standard Book Number 1-56293-435-X
050 ## - LIBRARY OF CONGRESS CALL NUMBER
Classification number TR(GS 510
Item number N11 1994
100 ## - MAIN ENTRY--PERSONAL NAME
Personal name Nayer, Judy
245 ## - TITLE STATEMENT
Title Tricky puppies :
Remainder of title a math flap book (addition and subtraction) /
Statement of responsibility, etc written by Judy Nayer; illustrated by Steve Henry.
260 ## - PUBLICATION, DISTRIBUTION, ETC. (IMPRINT)
Place of publication, distribution, etc New York :
Name of publisher, distributor, etc McClanahan Book Company,
Date of publication, distribution, etc 1994.
300 ## - PHYSICAL DESCRIPTION
Extent 1v. (unp.) ; ill.
440 ## - SERIES STATEMENT/ADDED ENTRY--TITLE
Title Learn today for tomorrow
650 ## - SUBJECT ADDED ENTRY--TOPICAL TERM
Topical term or geographic name as entry element Mathematics-Juvenlie literature
650 ## - SUBJECT ADDED ENTRY--TOPICAL TERM
Topical term or geographic name as entry element Addition-Juvenile literature
650 ## - SUBJECT ADDED ENTRY--TOPICAL TERM
Topical term or geographic name as entry element Subtraction-Juvenile literature
Holdings
Withdrawn status Lost status Damaged status Home library Current library Shelving location Date acquired Source of acquisition Cost, normal purchase price Total Checkouts Full call number Barcode Date last seen Price effective from Koha item type
      Elizalde Library Elizalde Library Teachers Reference Section 04/30/2001   136.25   TR(GS 510 N11 1994 E5693 04/12/2014 04/12/2014 Books

Tricky puppies :

APA

Nayer J., . (1994). Tricky puppies. New York: McClanahan Book Company.

Chicago

Nayer Judy, . 1994. Tricky puppies. New York: McClanahan Book Company.

Harvard

Nayer J., . (1994). Tricky puppies. New York: McClanahan Book Company.

MLA

Nayer Judy, . Tricky puppies. New York: McClanahan Book Company. 1994.

  • Place hold
  • Print
  • Cite
  • Add to your cart (remove)
  • Save record
    BIBTEX Dublin Core MARCXML MARC (non-Unicode/MARC-8) MARC (Unicode/UTF-8) MARC (Unicode/UTF-8, Standard) MODS (XML) RIS
  • More searches
    Search for this title in:
    Other Libraries (WorldCat) Other Databases (Google Scholar) Online Stores (Bookfinder.com) Open Library (openlibrary.org)

Exporting to Dublin Core...

SOUTHVILLE LIBRARY

Southville International School and Colleges Library

1281 Tropical Ave. Cor. Luxembourg St., BF Homes International, Las Pinas City

Tel. No. 8256374 / 252358 Loc. 117/146

Powered by Koha